1348 1612 1624 1126 1716 1334 1313 1165 1921 1591 1111 1922 1365 1895 1871 1776 1698 1028 1949 1196 1120 1192 1621 1321 1868 1828 1621 1522 1182 1714 1718 1272 1878 1738 1456 1490 1465 1010 1040 1627 1243 1887 1203 1851 1825 1439 1053 1958 1011 1758 1631 1044 1930 1182 1387 1878 1264 1495 1172 1853 1909 1539 1002 1894 1192 1482 1899 1919 1581 1799 1911 1598 1441 1642 1438 1610 1787 1309 1645 1803 1855 1660 1811 1581 1680 1360 1055 1764 1050 1109 1900 1835 1868 1475 1347 1349 1564 1954 1587 BCNSPRNW ULIB Ver.6.0+V

เปลี่ยนเป็นภาษาไทย

Change to English
 แสดงรายละเอียดบรรณานุกรม
  กลับหน้าหลัก

Brief Record : Get Marc (ISO 2709) : E-mail record : QR code < ปิดหน้าต่าง
LEADER : 00000nam 2200000uu 4500
001    13399114600
003     ULIB
008    110627s2536||||th 000 0 tha d
090    นว.^b
100 0  มาร์ก ทอน
245 00 ทอม ซอว์เยอร์ผจญภัย/^cมาร์ก ทอน
260    กรุงเทพฯ :^bรักลูก,^c2536
710 1  รักลูก
945    ^p0^l0^i013044
995    ทศพร
999 ^a ใช้งานได้ทุกระบบ
รายการนี้ยังไม่มีแท็ก
คุณยังไม่ได้ล็อกอิน คุณสามารถมีกิจกรรมร่วมกับเว็บไซต์ได้ แต่ต้องล็อกอินก่อน ::
  ล็อกอิน

รายการสื่อสารสนเทศ

ลำดับที่ ประเภท เลขเรียก/บาร์โค้ด สถานที่ สถานะ
1. นวนิยาย
นวนิยาย
นว. ฉ.1 
  Barcode: 013044
ห้องสมุดวิทยาเขตสวรรค์ประชารักษ์
►นวนิยาย
บนชั้น
  ขอยืม

BibComment


ยังไม่เคยถูกคอมเมนท์

คอมเมนท์ทรัพยากรรายการนี้
  คอมเมนท์: ทอม ซอว์เยอร์ผจญภ..


 Copyright 2026. Bcnsprnw @Library